Vista normal
Vista MARC
Entrada Personal Name
Número de registros utilizados en: 3
001 - CONTROL NUMBER
- control field: 16644
003 - CONTROL NUMBER IDENTIFIER
- control field: DLC
005 - DATE AND TIME OF LATEST TRANSACTION
- control field: 20251014095737.0
008 - FIXED-LENGTH DATA ELEMENTS
- fixed length control field: 810922n| azannaabn |n aaa
010 ## - LIBRARY OF CONGRESS CONTROL NUMBER
- LC control number: n 81104895
035 ## - SYSTEM CONTROL NUMBER
- System control number: (OCoLC)oca00649977
040 ## - CATALOGING SOURCE
- Original cataloging agency: DLC
- Language of cataloging: spa
- Description conventions: rda
- Transcribing agency: Mx-PuUPA
- Modifying agency: DLC
- Modifying agency: CU-A
- Modifying agency: Mx-PuUPA
046 ## - SPECIAL CODED DATES
- Birth date: 1944
- Source of date scheme: edtf
100 1# - HEADING--PERSONAL NAME
- Personal name: Reveles, José,
- Dates associated with a name: 1944-
370 ## - ASSOCIATED PLACE
- Place of birth: Ciudad de México (México)
- Associated country: México
- Source of term: naf
374 ## - OCCUPATION
- Occupation: Autor
375 ## - GENDER
- Gender: hombre
377 ## - ASSOCIATED LANGUAGE
- Language code: spa
670 ## - SOURCE DATA FOUND
- Source citation: His Una cárcel mexicana en Buenos Aires, 1980:
- Information found: t.p. (José Reveles)
670 ## - SOURCE DATA FOUND
- Source citation: His Las manos sucias del PAN, 2006:
- Information found: t.p. (José Reveles) front flap (b. México, DF, 1944)
670 ## - SOURCE DATA FOUND
- Source citation: El yo prohibido, 2021:
- Information found: title page (José Reveles)